000 00671nam a2200205 i 4500
001 146872
003 ES-MaACL
005 20250728030931.0
007 t|
008 070919s1910 fr ||||1| fre d
100 1 _aTrutat, Eugène.
_9111595
245 1 4 _aLes positifs en photographie /
_cEugène Trutat.
260 _aParis :
_bLibr. Imprimeries reuniès,
_c1910.
300 _a298 p. ;
_c18 cm.
490 1 _aEncyclopédie scientifique. Bibliothèque de photographie
650 0 7 _aFotografía
_2embne
_912943
830 0 _aEncyclopédie scientifique. Bibliothèque de photographie
_9220890
852 _aES-MaACL
_jD-4329
999 _c146872
_d146872